Marketingové řízení v praxi

Guardado en:
Detalles Bibliográficos
Autor principal: Morse, Stephen
Formato: Libro
Lenguaje:checo
Publicado: Praha Státní nakladatelství technické literatury 1971
Etiquetas: Agregar Etiqueta
Sin Etiquetas, Sea el primero en etiquetar este registro!

MARC

LEADER 00000nam a2200000 4500
001 c121886
005 20251218072503.7
041 0 |a cze 
044 |a CZ 
245 1 0 |a Marketingové řízení v praxi  |c Stephen Morse ; [Z angl. orig. přel. A. Baudyš] 
264 1 |a Praha  |b Státní nakladatelství technické literatury  |c 1971 
300 |a 162 s. 
100 1 |a Morse, Stephen